=LDR 00000nam 2200000 4500 =001 INLIS000000000019354 =005 20201014080508 =035 ##$$a 0010-061300000019354 =008 201014###########################0###### =041 ##$$a Ind =082 ##$$a 320.02 =090 ##$$a 320.02, Lio b =100 ##$$a Liong, Vincent Christian =245 1#$$a Berendung di bawah payung, oleh Vincent Chiristian Liong =260 ##$$a 2001 :$b Jakarta =300 ##$$a xiv, 85 hlm, 21 cm =650 #4$$a Politik-anrka ragam =850 ##$$a NBPNMAT